000 00453nam a2200121Ia 4500
008 171212s9999 xx 000 0 und d
100 _aSato, Ryuzo
245 _cSato, Ryuzo
_aThe Chrysanthemum and the Eagle
_bThe Future of U.S.-Japan Relations
260 _bNew York University Press
_c1994
650 _aBusiness
650 _aUnited States -- Relations -- Japan; Japan -- Relations -- United States
856 _uhttp://www.jstor.org/stable/j.ctt9qfsnv
999 _c351558
_d351558